000
00237nam a2200097Ia 4500
001
693078
005
20250826161907.0
008
250824s9999 xx 000 0 und d
245
0
_a
SATRANÇ/S.ZWEIG/EVEREST
_c
STEFAN ZWEIG
260
_b
EVEREST
999
_c
693078
_d
693078